000 00429cam a2200157ua 4500
003 OSt
008 241101b |||||||| |||| 00| 0 eng d
020 _a3-8236-11704
041 _aeng
082 _a621.47
_bSTR/HO
100 _aStreigh, Jurgen .
_96357
245 _aHot water from the sun: how to construct your own panel /
260 _aGermany :
_bMargraf Scientific Publishers ,
_c1989.
300 _a134 ; .
942 _cBK
999 _c6200
_d6200